Statistics for SML Characters Quiz

Click here to take the quiz!

General Stats

  • This quiz has been taken 1,441 times
  • The average score is 15 of 20

Answer Stats

CharactersAnswer% Correct
Guy Who Watches Charleyyy And FriendsBowser
93%
Plays Call Of Duty All The TimeBlack Yoshi
92%
Friend Who owns A Ken DollCody
92%
Loves CheesecakeShrek
92%
Juniors Friend Whos Mom Is DeadJoseph
87%
Kid Who Loves Thomas The Tank EngineJunior
85%
Plumbers SonJeffy
84%
PlumberMario
84%
ChefPeePee
84%
Shrimpo HunterWoody
78%
Bully______Bill
76%
Mario's GFRosalina
76%
Rapper That Calls Himself MilkToad
76%
Guy Who Has Every Job In TownBrooklyn T Guy
72%
Mama______Luigi
68%
Kid Who Has ADHDPatrick
65%
OfficerGoodman
61%
The Loan_____Dolphin
58%
Logan's Last NameThirtyacre
53%
Fat Kid In Juniors ClassAtso
50%

Score Distribution

Percentile by Number Answered

Percent of People with Each Score

Your Score History

You have not taken this quiz